Statistiques concernant Culture Générale - Série 2543

Cliquez ici pour prendre le quiz!

Statistiques générales

  • Ce quiz a été pris 137 fois
  • Le résultat moyen est 7 sur 10

Statistiques - réponses

QuestionRéponse% Correct
On dit d'un coureur de jupons que c'est un chaud ...lapin
94%
Comment appelle-t-on un triangle ayant les 3 côtés de la même longueur ?équilatéral
93%
De quel pays Vilnius est-elle la capitale ?Lituanie
93%
Dans quelle ville des Etats Unis se trouve le pont du Golden Gate ? voir photoSan Francisco
92%
Dans quelle ville italienne se déroule la pièce "Roméo et Juliette" de Shakespeare ?Vérone
83%
Dans la mythologie grecque, qui était le dieu de la guerre ?Arès
81%
De quel pays Nouakchott est-elle la capitale ?Mauritanie
64%
Quel animal est appelé "fugu" ?poisson
64%
Quel est le score maximum possible au bowling (ce qui équivaut à 12 strikes successifs) ?300
34%
Espèce de la sous-famille des caprins, assez fréquente dans le massif des Pyrénées, la cordillère Cantabrique et les Apenninsisard
28%

Distribution des résultats

Percentile par nombre de réponses

% des personnes avec chaque résultat

Votre développement - résultats

Vous n’avez pas pris ce quiz